00287nam a2200121Ia 4500008004100000100001700041245003600058260002900094300000800123650001000131942000700141999001700148190216s9999||||xx |||||||||||||| ||und|| aRoshi Bhatia 0aHindi-Gubbare Per Africa Yathra bNjan Sahithya Malac2008 a160 aHindi cBK c16569d16569